| 000 | 00754nam a2200217Ii 4500 | ||
|---|---|---|---|
| 003 | JO-AjNU | ||
| 008 | 230605s9999||||xx |||||||||||||| ||und|| | ||
| 017 | _a2003/9/1924 | ||
| 040 |
_aJO-AjNU _bara _erda _cJO-AjNU |
||
| 041 | _aara | ||
| 050 | 1 | 4 | _aTX911.M27.S258 2003 |
| 100 | 3 |
_aالسبول، خالد وليد, _eauthor _98137 |
|
| 245 | 0 | 0 | _aالمرشد في الامن والسلامة الفدقية (مدخل نظري وتطبيقي ) |
| 250 | _aط1 | ||
| 264 | 3 | 1 | _aعمان: مؤسسة الوراق للنشر، 2003 |
| 300 | _a306ص | ||
| 336 |
_atext _btxt _2rdacontent |
||
| 337 |
_aunmediated _bn _2rdamedia |
||
| 338 |
_avolume _bnc _2rdacarrier |
||
| 650 | 4 |
_aالفنادق-المطاعم-السلامه-منع الحوادث _98138 |
|
| 999 |
_aA636 _c4204 _d4204 |
||